BSOP header

Derrida and theology / (Record no. 34405)

MARC details
000 -LEADER
fixed length control field 00951nam a2200289 4500
008 - FIXED-LENGTH DATA ELEMENTS--GENERAL INFORMATION
fixed length control field 100611s2009 enk b 001 0 eng
020 ## - INTERNATIONAL STANDARD BOOK NUMBER
International Standard Book Number 056703240X :USD13.99
020 ## - INTERNATIONAL STANDARD BOOK NUMBER
International Standard Book Number 0567186644
020 ## - INTERNATIONAL STANDARD BOOK NUMBER
International Standard Book Number 9780567032409
020 ## - INTERNATIONAL STANDARD BOOK NUMBER
International Standard Book Number 9780567186645
090 ## - LOCALLY ASSIGNED LC-TYPE CALL NUMBER (OCLC); LOCAL CALL NUMBER (OCLC)
Classification number (OCLC) (R) ; Classification number, CALL (RLIN) (NR) B2430.D484
Local cutter number (OCLC) ; Book number/undivided call number, CALL (RLIN) Sh1
-- 2009
100 1# - MAIN ENTRY--PERSONAL NAME
Personal name Shakespeare, Steven,
Dates associated with a name 1968-
245 10 - TITLE STATEMENT
Title Derrida and theology /
Statement of responsibility, etc Steven Shakespeare.
260 ## - PUBLICATION, DISTRIBUTION, ETC. (IMPRINT)
Place of publication, distribution, etc London ;
-- New York, NY :
Name of publisher, distributor, etc T & T Clark,
Date of publication, distribution, etc c2009.
300 ## - PHYSICAL DESCRIPTION
Extent xi, 233 p. ;
Dimensions 22 cm.
490 1# - SERIES STATEMENT
Series statement Philosophy and theology
504 ## - BIBLIOGRAPHY, ETC. NOTE
Bibliography, etc Includes bibliographical references (p. 224-228) and index.
600 14 - SUBJECT ADDED ENTRY--PERSONAL NAME
Personal name Derrida, Jacques.
650 #4 - SUBJECT ADDED ENTRY--TOPICAL TERM
Topical term or geographic name as entry element Deconstruction.
650 #4 - SUBJECT ADDED ENTRY--TOPICAL TERM
Topical term or geographic name as entry element Philosophy and religion.
650 #4 - SUBJECT ADDED ENTRY--TOPICAL TERM
Topical term or geographic name as entry element Theology.
650 17 - SUBJECT ADDED ENTRY--TOPICAL TERM
Topical term or geographic name as entry element Nihilisme
Source of heading or term gtt
650 17 - SUBJECT ADDED ENTRY--TOPICAL TERM
Topical term or geographic name as entry element Theologie.
Source of heading or term gtt
951 ## - EQUIVALENCE OR CROSS-REFERENCE-GEOGRAPHIC NAME/AREA NAME [OBSOLETE] [CAN/MARC only]
General subdivision 00039270
830 #0 - SERIES ADDED ENTRY--UNIFORM TITLE
Uniform title Philosophy and theology (London, England)
951 ## - EQUIVALENCE OR CROSS-REFERENCE-GEOGRAPHIC NAME/AREA NAME [OBSOLETE] [CAN/MARC only]
-- 33795
-- GCB2430.D484/Sh1/2009
-- 100611120226703
-- 2000-12-21
Holdings
Withdrawn status Lost status Damaged status Not for loan Home library Current library Date acquired Accession number Shelving control number Total Checkouts Full call number Barcode Date last seen Price effective from Koha item type
        BSOP Library BSOP Library 12/21/2000 33795 127   GCB2430.D484/Sh1/2009 00039270 02/23/2013 02/23/2013 Books
BSOP

Biblical Seminary of the Philippines
  All rights Reserved
  © 2024

CONTACT INFORMATION

Biblical Seminary of the Philippines,
  77-B Karuhatan Road, Valenzuela City,
  PHILIPPINES 1441
  Phone: +632 8292-6795 / 8292-6798
  Fax : +632 8292-6675
  Email: library@bsop.edu.ph